Name that Singer! - Statistics

General Stats
  • This quiz has been taken 84 times
  • The average score is 8 of 14
Answer Stats
SONGS ARTIST % Correct
Fine Line; Watermelon Sugar; As It Was Harry Styles
92%
Houdini; Godzilla; The Real Slim Shady Eminem
90%
Firework; California Girls; Roar Katy Perry
90%
Toxic; Oops!... I Did It Again; ...Baby One More Time Britney Spears
82%
In My Feelings; Hotline Bling; One Dance Drake
78%
Baby; Boyfriend; Beauty And A Beat Justin Bieber
78%
Red; Lover; Mirrorball Taylor Swift
69%
Often; The Hills; Call Out My Name The Weeknd
66%
Panini; Call Me By Your Name; Holiday Lil Nas X
47%
Just Wanna Rock; Erase Your Social; XO Tour Llif3 Lil Uzi Vert
38%
Ride Wit Me; Country Grammar; Air Force Ones Nelly
27%
Last Night; Sand In My Boots; '98 Braves Morgan Wallen
14%
Stick Season; You're Gonna Go Far; Call Your Mom Noah Kahn
14%
November Air; I Remember Everything; Highway Boys Zach Bryan
13%
No matching quizzes found
Score Distribution
Percent of People with Each Score
Percentile by Number Answered
Your Score History
You have not taken this quiz